000 03283cam a22005294i 4500
003 PE-LiUPU
005 20250731165601.0
008 150625s r 000 0 d
035 _a(Sirsi) a38093
035 _a(Sirsi) a38093
040 _aPE-LiUPU
_bspa
_cPE-LiUPU
_erda
082 0 4 _a373.198
_bE5
_221
245 0 0 _aEnciclopedia del deporte y educación física.
_n1 /
_c [editado por Luis Alfredo Bartolo Rodríguez, Wilbert Valladares Vilela, Carlo Valverde Martínez.. et al.].
264 1 _a[Lima] :
_bA.F.A. Editores Importadores,
_c[2004?].
300 _a533 páginas :
_bilustraciones ;
_c25 cm.
336 _atext
_2rdacontent
337 _aunmediated
_2rdamedia
338 _avolume
_2rdacarrier
505 0 _aCurricular del área de Educación Física. -Diseño curricular del área de Educación Física. -Competencia del área. -Primer ciclo - primer grado, condición física y salud. -Competencias y contenidos de aprendizaje. -Procedimentales. -Conceptuales. -Actitudinales. -Primer ciclo - primer grado, motrocidad y juegos deportivos. -Competencias y contenidos de aprendizaje. -Procedimentales. -Conceptuales. -Actitudinales. -Primer ciclo - segundo grado, condición física y salud. -Competencias y contenidos de aprendizaje. -Procedimentales. -Conceptuales. -Actitudinales. -Primer ciclo - segundo grado, motrocidad y juegos deportivos. -Competencias y contenidos de aprendizaje. -Procedimentales. -Conceptuales. -Actitudinales. -Segundo ciclo - tercer grado. -Competencias y contenidos de aprendizaje. -Procedimentales. -Conceptuales. -Actitudinales. -Segundo ciclo - cuarto grado, condición física y salud. -Competencias y contenidos de aprendizaje. -Segundo ciclo - cuarto grado, motrocidad y juegos deportivos. -Competencias y contenidos de aprendizaje. -Procedimentales. -Conceptuales. -Actitudinales. -Orientaciones metodológicas. -Orientaciones para la evaluación. -Ley general del deporte. -¿Por qué debemos estudiar historia de la Educación Física. -Aprendizaje y ejercicios aeróbicos.
526 _aSEG44
526 _aSEG26
526 _aP151
526 _aP150
526 _aP149
526 _aP146
526 _aP145
526 _aP126
526 _aP125
526 _aP92
526 _aP75
526 _aP74
526 _aP27
526 _aP15
541 _g002-0002955;
650 0 4 _aEducación física
_vEnciclopedias.
650 0 4 _aMedicina deportiva.
650 0 4 _aDeportes
_vEnciclopedias.
700 1 _aBartolo Rodríguez, Luis Alfredo,
_eeditor.
700 1 _aValladares Vilela, Wilbert,
_eeditor.
700 1 _aValverde Martinez, Carlo,
_eeditor.
910 _bjv
_clch
_d20070817
942 _2ddc
_cBOOK
949 _aRC 373.198 E5 1
_wDEWEY
_c1
_i57243
_lRC
_mBUL
_p46.00
_r0
_sY
_tBOOK
_u2015-6-25
_xBIBLIOTECA
_zUNKNOWN
_0COMPRA
_o.CIRCNOTE. No olvidar cambiar la fecha de devolución!!!!!!!
_o.STAFF. Colección General
994 _aC0
_bPEPRU
596 _a1
999 _aRC 373.198 E5 1
_wDEWEY
_c46339
_i57243
_d46339
_f2021-11-9
_g5
_lCCODEBUL1
_mBUL
_p46.00
_q2
_r1
_sY
_tBOOK
_u2015-6-25
_xEDUCACION
_zUNKNOWN
_0COMPRA
_o.CIRCNOTE. No olvidar cambiar la fecha de devolución!!!!!!!
_o.STAFF. Colección General
980 _81
_gALBERTO SANCHEZ Responsable de Automatización